| 000 | 00667nam a2200217 a 4500 | ||
|---|---|---|---|
| 001 | 000013112 | ||
| 005 | 20240411074006.0 | ||
| 008 | 091120s2002 dr a 000 j spa d | ||
| 020 | _z9993402753 | ||
| 040 |
_aDO-SdBNP _bspa _cBNPHU |
||
| 082 |
_aRD863.44 _bS787d, 2002 |
||
| 100 | 1 |
_aStanley, Avelino, _d1959- _91536 |
|
| 245 | 1 | 4 |
_aLos disparos : _bcuentos / _cAvelino Stanley. |
| 250 | _a4a. ed. | ||
| 260 |
_aSanto Domingo : _bCocolo Editorial, _c2002. |
||
| 300 |
_a98 p. : _bil. ; _c22 cm. |
||
| 590 | _aInventariado, 2019/VM | ||
| 650 | 0 |
_aCuentos dominicanos _9176 |
|
| 650 | 4 |
_aLiteratura dominicanos _922561 |
|
| 910 | _aValidado. Control de calidad MMOLINA | ||
| 999 |
_c12754 _d12754 |
||